Top 10 Comuni più alti in Provincia di Trento - Statistics

Statistiche generali
  • Questo quiz è stato fatto 9 volte
  • Il punteggio medio è 5 su 10
Statistiche sulle risposte
Hint Risposta % Corretto
1.465 Canazei
75%
1.184 Moena
63%
1.325 San Giovanni di Fassa
63%
1.261 Vermiglio
63%
1.448 Campitello di Fassa
50%
1.333 Luserna
50%
1.395 Mazzin
50%
1.220 Soraga di Fassa
38%
1.360 Palù del Fersina
13%
1.200 Ruffrè-Mendola
13%
Nessun quiz corrispondente trovato
Distribuzione punteggi
Percentuale di utenti per punteggio
Percentile per numero di risposta
I tuoi punteggi nel tempo
Non hai fatto questo quiz